000 00224nam a22001097a 4500
082 _a620.11RYD
100 _aRyder G H
245 _aStrength of materials
260 _bEnglish Language
_c1977
300 _a340
942 _cBK
999 _c12315
_d12315